Nebezpečný pre divadlo herec Marián Labuda

Bibliographic Details
Main Authors: Švolík, Jozef (ain), Labuda, Marián, 1944-2018 (Author, uin)
Format: Article
Language:Slovak
PhysicalDescription:Fotogr.
ISSN:1335-4051
Subjects:

MARC

LEADER 00000nab a2200000 a 4500
001 vtls000733384
003 SK-MaSNL
005 20260302193036.0
008 180206c2000 xo 0 slo
015 |a SNBRB2000/10-28257 
035 |a CLN000085492 
040 |a SNKBUCL  |b slo  |c SNKBUCL  |e AACR2 
041 0 |a slo 
044 |a xo  |c SK 
080 |a 792.071.2  |2 UDC-MRF-SK2 
080 |a 791.44.071.2  |2 UDC-MRF-SK2 
100 1 |a Švolík, Jozef  |4 ain  |9 840530 
245 1 0 |a Nebezpečný pre divadlo  |b herec Marián Labuda  |c [zhováral sa] Jozef Švolík 
300 |b Fotogr. 
600 1 7 |a Labuda, Marián,  |d 1944-2018  |2 snkbucl  |9 101710 
655 7 |a články z novín a časopisov  |2 snkbucl  |9 267496 
700 1 |a Labuda, Marián,  |d 1944-2018  |4 aut  |4 uin  |9 101710 
773 0 |x 1335-4051  |t Pravda  |g Roč. 10, č. 219 (23.9.2000) 
773 0 |x 1335-4051  |t [Príl.] Sobota  |g S. 15 
850 |a Slovenská národná knižnica v Martine 
852 |a SNK  |b KIS3GCP 
958 |a RBX 
999 |c 1443021  |d 1444951